Pays les plus pauvres d'Europe - Statistiques

Statistiques générales
  • Ce quiz a été pris 380 fois
  • Le résultat moyen est 8 sur 10
Statistiques - réponses
Pays PIB par Habitant % Correct
Kosovo 16,852 $
88%
Albanie 21,377 $
85%
Bulgarie 39,185 $
81%
Macédoine du Nord 26,912 $
81%
Monténégro 31,858 $
81%
Serbie 29,039 $
81%
Moldavie 18,524 $
78%
Biélorussie 32,098 $
77%
Bosnie-Herzégovine 21,498 $
77%
Ukraine 19,603 $
77%
Aucun quiz correspondant
Distribution des résultats
% des personnes avec chaque résultat
Percentile par nombre de réponses
Votre historique - résultats
Vous n’avez pas pris ce quiz